[Event "Igor Kurnosov Mem Rapid"]
[Site "Chelyabinsk RUS"]
[Date "2016.05.27"]
[Round "5.7"]
[White "Grischuk, Alexander"]
[Black "Trifonov, Pavel"]
[Result "1-0"]
[WhiteTitle "GM"]
[WhiteElo "2752"]
[BlackElo "2271"]
[WhiteFideId "4126025"]
[BlackFideId "4194446"]
[EventDate "2016.05.26"]

1. e4 e6 2. d4 d5 3. e5 c5 4. c3 Qb6 5. Nf3 Bd7 6. Bd3 Bb5 7. dxc5 Bxc5 8. b4
Bxd3 9. Qxd3 Be7 10. O-O Nd7 11. Na3 a6 12. c4 Bxb4 13. cxd5 exd5 14. Rb1 Qa5
15. Nc2 Bc3 16. Rxb7 Nc5 17. Qxd5 Nxb7 18. Qc6+ Kf8 19. Ba3+ Ne7 20. Bxe7+ Kg8
21. Qxb7 Re8 22. Bb4 Bxb4 23. Nxb4 Qb5 24. Qxb5 axb5 25. Rc1 g5 26. h3 Kg7 27.
Rc5 Rc8 28. Rxb5 Rb8 29. a4 h6 30. Nc6 Ra8 31. a5 Rhc8 32. Nfd4 Rc7 33. Rb6 Rd7
34. a6 Rd5 35. a7 Rd7 36. Nb5 1-0

[Event "Igor Kurnosov Mem Rapid"]
[Site "Chelyabinsk RUS"]
[Date "2016.05.27"]
[Round "5.8"]
[White "Ogloblin, Nikolay"]
[Black "Lysyj, Igor"]
[Result "0-1"]
[WhiteTitle "IM"]
[BlackTitle "GM"]
[WhiteElo "2346"]
[BlackElo "2668"]
[WhiteFideId "4139658"]
[BlackFideId "4150120"]
[EventDate "2016.05.26"]

1. d4 Nf6 2. c4 e6 3. Nc3 Bb4 4. Qc2 d5 5. cxd5 exd5 6. Bg5 h6 7. Bh4 O-O 8. Nf3
c5 9. e3 cxd4 10. Nxd4 Nc6 11. Nxc6 bxc6 12. Be2 g5 13. Bg3 Ne4 14. O-O Bxc3 15.
bxc3 Bf5 16. Bd3 Qf6 17. Rac1 Rfd8 18. c4 Nxg3 19. hxg3 Bxd3 20. Qxd3 d4 21.
exd4 Rxd4 22. Qf3 Qxf3 23. gxf3 Re8 24. Rfd1 Red8 25. Rxd4 Rxd4 26. Rc2 a5 27.
Kf1 c5 28. Rb2 Rxc4 29. Rb5 a4 30. Ra5 h5 31. Kg2 Kg7 32. Ra6 f6 33. a3 Kg6 34.
Ra8 Kf5 35. Re8 Rc3 36. Rc8 Ke5 37. Rc6 h4 38. f4+ Kf5 39. fxg5 fxg5 40. gxh4
gxh4 41. Rc8 h3+ 42. Kh2 Ke4 43. Re8+ Kd5 44. Rd8+ 0-1

[Event "Igor Kurnosov Mem Rapid"]
[Site "Chelyabinsk RUS"]
[Date "2016.05.27"]
[Round "5.9"]
[White "Matsenko, Andrei"]
[Black "Smirnov, Pavel"]
[Result "0-1"]
[WhiteTitle "FM"]
[BlackTitle "GM"]
[WhiteElo "2327"]
[BlackElo "2564"]
[WhiteFideId "24146501"]
[BlackFideId "4123425"]
[EventDate "2016.05.26"]

1. e4 c5 2. Nf3 d6 3. Bb5+ Nd7 4. d4 cxd4 5. Qxd4 a6 6. Bxd7+ Bxd7 7. c4 Rc8 8.
Nc3 e5 9. Qd3 Qc7 10. b3 b5 11. Nd5 Qc6 12. Nd2 Nf6 13. O-O Nxd5 14. exd5 Qb6
15. a4 Be7 16. axb5 axb5 17. Ne4 f5 18. Ng3 O-O 19. Be3 Qd8 20. f4 e4 21. Qe2
bxc4 22. bxc4 Ra8 23. Qb2 Rb8 24. Qa3 Qc7 25. Rfc1 Rb7 26. Ne2 Rfb8 27. Nd4 Bf6
28. Qa5 Qxa5 29. Rxa5 Rb1 30. Ra1 Rxc1+ 31. Rxc1 Kf7 32. Rc2 h6 33. Ra2 g5 34.
Ra7 Ke8 35. Ne6 Rb1+ 36. Kf2 Rb2+ 37. Kf1 Rb4 38. Ra8+ Ke7 39. c5 Rb1+ 40. Kf2
Rb2+ 41. Ke1 Bxe6 42. dxe6 dxc5 43. Bxc5+ Kxe6 44. Ra6+ Kd5 45. Rxf6 Kxc5 46.
fxg5 hxg5 47. Rxf5+ Kd4 48. Rxg5 Kd3 49. h4 Rb1+ 50. Kf2 e3+ 51. Kf3 e2 52. Re5
e1=Q 53. Rxe1 Rxe1 54. h5 Kd4 55. Kf4 Kd5 56. Kf5 Kd6 57. Kf6 Re6+ 58. Kg7 Re4
59. h6 Ke7 60. g4 Rxg4+ 61. Kh8 Kf6 0-1

[Event "Igor Kurnosov Mem Rapid"]
[Site "Chelyabinsk RUS"]
[Date "2016.05.27"]
[Round "5.10"]
[White "Yudin, Sergei"]
[Black "Rozhkov, Viacheslav"]
[Result "1-0"]
[WhiteTitle "GM"]
[BlackTitle "FM"]
[WhiteElo "2530"]
[BlackElo "2319"]
[WhiteFideId "4159659"]
[BlackFideId "4181484"]
[EventDate "2016.05.26"]

1. e4 c5 2. Nf3 d6 3. c3 Nf6 4. Bd3 g6 5. h3 Bg7 6. Bc2 O-O 7. O-O Nc6 8. d4
cxd4 9. cxd4 Nb4 10. Bb3 a5 11. Nc3 e6 12. Bf4 d5 13. e5 Ne4 14. Re1 Nxc3 15.
bxc3 Nc6 16. h4 f6 17. exf6 Qxf6 18. Bg5 Qf7 19. a4 Bd7 20. Rb1 Rae8 21. Qd2 Ne7
22. Bc2 Bc8 23. Ne5 Bxe5 24. dxe5 Nf5 25. Bf6 h5 26. f3 Qc7 27. g4 Rxf6 28. gxf5
Rff8 29. f6 Qh7 30. Kh2 Kf7 1-0

[Event "Igor Kurnosov Mem Rapid"]
[Site "Chelyabinsk RUS"]
[Date "2016.05.27"]
[Round "6.1"]
[White "Khismatullin, Denis"]
[Black "Rublevsky, Sergei"]
[Result "0-1"]
[WhiteTitle "GM"]
[BlackTitle "GM"]
[WhiteElo "2609"]
[BlackElo "2692"]
[WhiteFideId "4142578"]
[BlackFideId "4115309"]
[EventDate "2016.05.26"]

1. e4 c5 2. Nf3 e6 3. g3 d5 4. exd5 exd5 5. d4 Nf6 6. Bg2 Be7 7. O-O O-O 8. Be3
cxd4 9. Nxd4 Bg4 10. Qd3 Qd7 11. Re1 Nc6 12. Nd2 Rfe8 13. N2f3 Bd6 14. Qf1 Bh5
15. c4 h6 16. Rac1 Rad8 17. a3 Bb8 18. b4 dxc4 19. Qxc4 Nxd4 20. Nxd4 Nd5 21.
Qb5 Nxe3 22. Qxd7 Rxd7 23. Rxe3 Rxe3 24. fxe3 Be5 25. Kf2 f6 26. Rc8+ Kf7 27.
Bf1 Bxd4 28. exd4 Bg4 29. Bc4+ Kg6 30. Bd3+ Kf7 31. Bc4+ Kg6 32. Bd3+ Kf7 33.
Rb8 b6 34. d5 Ke7 35. Ke3 Rxd5 36. Be4 Rd7 37. a4 Rc7 38. Rg8 Kd6 39. Rd8+ Bd7
40. a5 bxa5 41. bxa5 Rc8 42. Rxc8 Bxc8 43. Kd4 f5 44. Bc2 g6 45. Bb3 Be6 46. Ba4
g5 47. Bc2 Bd7 48. Bb3 Bc6 49. Bc2 f4 50. gxf4 gxf4 51. Bd3 f3 52. h4 Bd5 53.
Bf1 Kc6 54. Bd3 Kd6 55. Bf1 Bf7 56. Ke3 Bh5 57. Kd4 Kc6 58. Ke4 Kc5 59. Ke3 Kb4
60. a6 Ka5 61. Kf4 Kb6 62. Bd3 f2 63. Ke3 Be8 64. Kxf2 Bb5 65. Bc2 Kxa6 66. Ke3
Ka5 67. Kd4 Kb4 68. Ke5 a5 69. h5 Be2 70. Kf6 Bxh5 71. Kg7 Be2 0-1

[Event "Igor Kurnosov Mem Rapid"]
[Site "Chelyabinsk RUS"]
[Date "2016.05.27"]
[Round "6.2"]
[White "Yuffa, Daniil"]
[Black "Inarkiev, Ernesto"]
[Result "0-1"]
[WhiteTitle "IM"]
[BlackTitle "GM"]
[WhiteElo "2503"]
[BlackElo "2686"]
[WhiteFideId "24131423"]
[BlackFideId "4162722"]
[EventDate "2016.05.26"]

1. d4 Nf6 2. c4 e6 3. g3 d5 4. Nf3 Bb4+ 5. Bd2 Be7 6. Bg2 O-O 7. O-O c6 8. Bf4
dxc4 9. Ne5 Nd5 10. Nxc4 Nxf4 11. gxf4 Qc7 12. e3 b6 13. Ne5 Bb7 14. Nc3 Nd7 15.
Qf3 Rac8 16. Rad1 Nf6 17. f5 Bd6 18. fxe6 Bxe5 19. dxe5 Qxe5 20. exf7+ Rxf7 21.
Qg3 Re8 22. Rd8 Qe7 23. Rxe8+ Qxe8 24. Rd1 c5 25. Rd6 Bxg2 26. Qxg2 h6 27. Qg6
Qe7 28. Qd3 Rf8 29. Qc4+ Kh8 30. Qe6 Qb7 31. Nd5 Nxd5 32. Rxd5 Qf7 33. Qxf7 Rxf7
34. f4 Rc7 35. Kf2 Kg8 36. Kf3 c4 37. a4 c3 38. bxc3 Rxc3 39. Rd8+ Kh7 40. Rd7
a5 41. f5 Kg8 42. Rb7 Rc4 43. Rxb6 Rxa4 44. e4 Ra3+ 45. Kf4 Ra1 46. Ke5 a4 47.
Ke6 a3 48. e5 a2 49. Ra6 Kh7 50. Ra7 Kg8 51. h4 h5 52. Ra3 Kh8 53. Ra4 Kg8 54.
Ra3 Kh8 55. Ra8+ Kh7 56. Ra5 Kg8 57. Ra8+ Kh7 58. Ra5 Kg8 59. Ra4 Kh8 60. Kf7
Kh7 61. f6 Re1 62. fxg7 Rf1+ 63. Ke8 a1=Q 64. Rxa1 Rxa1 65. e6 Kxg7 0-1

[Event "Igor Kurnosov Mem Rapid"]
[Site "Chelyabinsk RUS"]
[Date "2016.05.27"]
[Round "6.3"]
[White "Movsesian, Sergei"]
[Black "Shomoev, Anton"]
[Result "1-0"]
[WhiteTitle "GM"]
[BlackTitle "GM"]
[WhiteElo "2660"]
[BlackElo "2553"]
[WhiteFideId "310204"]
[BlackFideId "4135148"]
[EventDate "2016.05.26"]

1. c4 e6 2. Nf3 Nf6 3. g3 d5 4. b3 Be7 5. Bg2 O-O 6. O-O c5 7. e3 Nc6 8. Bb2 d4
9. exd4 cxd4 10. Re1 Re8 11. d3 Bc5 12. Nbd2 e5 13. a3 a5 14. Ng5 Bg4 15. Qc2
Qd7 16. Nde4 Nxe4 17. Nxe4 b6 18. f4 exf4 19. gxf4 Bh3 20. Bf3 Qc7 21. Qf2 Bf5
22. Qg2 Be7 23. Ng3 Bd7 24. Nh5 g6 25. Rxe7 Rxe7 26. Nf6+ 1-0

[Event "Igor Kurnosov Mem Rapid"]
[Site "Chelyabinsk RUS"]
[Date "2016.05.27"]
[Round "6.4"]
[White "Gunina, Valentina"]
[Black "Grischuk, Alexander"]
[Result "1/2-1/2"]
[WhiteTitle "GM"]
[BlackTitle "GM"]
[WhiteElo "2497"]
[BlackElo "2752"]
[WhiteFideId "4167570"]
[BlackFideId "4126025"]
[EventDate "2016.05.26"]

1. d4 Nf6 2. c4 g6 3. Nc3 Bg7 4. e4 d6 5. f3 O-O 6. Nge2 c5 7. Be3 b6 8. d5 e6
9. Ng3 exd5 10. cxd5 Ba6 11. Be2 Bxe2 12. Qxe2 a6 13. O-O b5 14. e5 dxe5 15.
Bxc5 Re8 16. Rad1 Nbd7 17. b4 Rc8 18. Nce4 Bf8 19. Nxf6+ Nxf6 20. Ne4 Nd7 21.
Qe3 Nxc5 22. bxc5 f5 23. d6 fxe4 24. Qb3+ Kg7 25. fxe4 Qd7 26. Qd5 Rcd8 27. Kh1
Bxd6 28. cxd6 Re6 29. Rd3 Rxd6 30. Qxe5+ Kg8 31. Rdf3 Qe6 32. Qf4 Rd1 33. a3 Qe7
34. Qe3 Rxf1+ 35. Rxf1 Re8 36. Re1 Qe5 37. h3 Re7 38. Qb3+ Kg7 39. Qb4 h5 40.
Qa5 Re6 41. Qd8 Re8 42. Qd7+ Re7 43. Qc8 Qe6 44. Qc3+ 1/2-1/2

[Event "Igor Kurnosov Mem Rapid"]
[Site "Chelyabinsk RUS"]
[Date "2016.05.27"]
[Round "6.5"]
[White "Lysyj, Igor"]
[Black "Kosyrev, Vladimir"]
[Result "0-1"]
[WhiteTitle "GM"]
[BlackTitle "GM"]
[WhiteElo "2668"]
[BlackElo "2520"]
[WhiteFideId "4150120"]
[BlackFideId "4122259"]
[EventDate "2016.05.26"]

1. Nf3 d5 2. e3 Nf6 3. c4 e6 4. b3 b6 5. Bb2 Bb7 6. Nc3 Be7 7. cxd5 exd5 8. d4
O-O 9. Bd3 c5 10. O-O Nbd7 11. Qe2 Re8 12. Rfd1 Bd6 13. Ba6 Qc8 14. Bxb7 Qxb7
15. Qd3 Rac8 16. dxc5 Nxc5 17. Qf5 Nce4 18. Nxe4 Nxe4 19. Rac1 Bf8 20. Nd4 g6
21. Qf3 Bg7 22. Qe2 Rc5 23. Nf3 Bxb2 24. Qxb2 Rec8 25. Rxc5 bxc5 26. Qe5 c4 27.
Nd4 Qa6 28. f3 Nc3 29. Re1 Nxa2 30. bxc4 dxc4 31. Ra1 c3 32. Nc2 Qa4 33. Qe4 Qb3
34. Rd1 Nb4 35. Qb7 Rf8 36. Qxb4 Qxc2 37. Re1 Rd8 0-1

[Event "Igor Kurnosov Mem Rapid"]
[Site "Chelyabinsk RUS"]
[Date "2016.05.27"]
[Round "6.6"]
[White "Zvjaginsev, Vadim"]
[Black "Gutenev, Alexander"]
[Result "1-0"]
[WhiteTitle "GM"]
[BlackTitle "FM"]
[WhiteElo "2672"]
[BlackElo "2398"]
[WhiteFideId "4113403"]
[BlackFideId "4195540"]
[EventDate "2016.05.26"]

1. e4 c5 2. Nf3 Nc6 3. Bb5 g6 4. O-O Bg7 5. Re1 e5 6. Bxc6 dxc6 7. d3 Qe7 8. a3
Nf6 9. b4 O-O 10. bxc5 Nd7 11. a4 Nxc5 12. Ba3 Rd8 13. Nbd2 Be6 14. Qe2 b6 15.
Qe3 Qd6 16. Reb1 Bf8 17. Qg5 Bg7 18. Qe3 Bf8 19. a5 Qc7 20. Ng5 Re8 21. Nxe6
Nxe6 22. Bxf8 Rxf8 23. axb6 axb6 24. Rxa8 Rxa8 25. Qxb6 Qxb6 26. Rxb6 Ra1+ 27.
Rb1 Ra2 28. Nf3 f6 29. Rc1 g5 30. h3 h5 31. Kf1 Kf7 32. g3 c5 33. Ke2 Nd4+ 34.
Nxd4 cxd4 35. Kd2 Kg6 36. f3 Ra8 37. Rg1 Kf7 38. f4 Rg8 39. fxe5 fxe5 40. Rf1+
Ke6 41. Rf5 Rg7 42. h4 gxh4 43. gxh4 Rh7 44. c3 dxc3+ 45. Kxc3 Rc7+ 46. Kd2 Rh7
47. Ke3 Rh8 48. d4 exd4+ 49. Kxd4 Rh7 50. Ke3 Rh8 51. Kf4 Kd6 52. Kg5 Ke7 53.
Kg6 Ke6 54. Kg7 Ra8 55. Rxh5 Ra7+ 56. Kg6 Ra4 57. Rh8 Ra1 58. Re8+ Kd7 59. Re5
Kd6 60. Rd5+ Ke6 61. h5 Re1 62. h6 Rxe4 63. Rg5 Rh4 64. h7 1-0

[Event "Igor Kurnosov Mem Rapid"]
[Site "Chelyabinsk RUS"]
[Date "2016.05.27"]
[Round "6.7"]
[White "Yuzhakov, Oleg"]
[Black "Maletin, Pavel"]
[Result "0-1"]
[WhiteTitle "FM"]
[BlackTitle "GM"]
[WhiteElo "2340"]
[BlackElo "2580"]
[WhiteFideId "24104604"]
[BlackFideId "4146786"]
[EventDate "2016.05.26"]

1. e4 c5 2. c3 Nf6 3. e5 Nd5 4. Nf3 d6 5. d4 cxd4 6. Qxd4 e6 7. exd6 Nc6 8. Bb5
Bd7 9. Qg4 h5 10. Qg3 Qb8 11. Nbd2 h4 12. Qg5 Nf6 13. c4 Rh5 14. Qe3 Nb4 15.
Bxd7+ Nxd7 16. Qc3 Qxd6 17. O-O Qd3 18. Qb3 h3 19. g3 Qxb3 20. Nxb3 Rc8 21. Be3
Nc2 22. Rac1 Nxe3 23. fxe3 Ne5 24. Nxe5 Rxe5 25. Kf2 Be7 26. Nd4 Bg5 27. Rc3 Re4
28. Kf3 f5 29. Rd1 Ke7 30. b3 a6 31. Rcd3 Rc7 32. Ke2 Bf6 33. a4 g5 34. Rf1 Rc5
35. Rfd1 g4 36. Nc2 Rc7 37. Kf2 Ke8 38. Nd4 Be7 39. Ne2 Bc5 40. Nf4 Kf7 41. Rd7+
Rxd7 42. Rxd7+ Kf6 43. Rd3 e5 44. Nd5+ Kf7 45. b4 Ba7 46. c5 a5 47. bxa5 Bxc5
48. Rc3 Bd6 49. Rb3 Rxa4 50. Rxb7+ Ke6 51. Nc7+ Bxc7 52. Rxc7 Ra2+ 53. Kg1 Rg2+
54. Kh1 Ra2 55. Kg1 Rxa5 56. e4 fxe4 57. Kf2 Ra2+ 58. Ke3 Rxh2 59. Rg7 Rh1 60.
Rxg4 h2 0-1

[Event "Igor Kurnosov Mem Rapid"]
[Site "Chelyabinsk RUS"]
[Date "2016.05.27"]
[Round "6.8"]
[White "Smirnov, Pavel"]
[Black "Drygalov, Andrey"]
[Result "1-0"]
[WhiteTitle "GM"]
[WhiteElo "2564"]
[BlackElo "2339"]
[WhiteFideId "4123425"]
[BlackFideId "24171735"]
[EventDate "2016.05.26"]

1. d4 d5 2. c4 c6 3. Nc3 Nf6 4. e3 e6 5. Nf3 Nbd7 6. Qc2 Bd6 7. Bd3 O-O 8. O-O
dxc4 9. Bxc4 a6 10. e4 e5 11. Rd1 Qc7 12. h3 b5 13. Bb3 Bb7 14. dxe5 Nxe5 15.
Nd4 Ng6 16. Nf5 Bh2+ 17. Kf1 Be5 18. Be3 c5 19. Nd5 Nxd5 20. Bxd5 c4 21. Rac1
Nf4 22. b3 Bxd5 23. exd5 Qd7 24. Qe4 Ng6 25. bxc4 Rfe8 26. c5 Rad8 27. c6 Qc7
28. Qf3 h6 29. Bc5 Qa5 30. d6 b4 31. c7 Rd7 32. Qc6 Qb5+ 33. Qxb5 axb5 34. Bxb4
Rc8 35. Ne7+ Nxe7 36. dxe7 Rxd1+ 37. Rxd1 Bxc7 38. Rc1 f5 39. Rxc7 1-0

[Event "Igor Kurnosov Mem Rapid"]
[Site "Chelyabinsk RUS"]
[Date "2016.05.27"]
[Round "6.9"]
[White "Frolov, Ivan"]
[Black "Yudin, Sergei"]
[Result "1-0"]
[WhiteTitle "FM"]
[BlackTitle "GM"]
[WhiteElo "2344"]
[BlackElo "2530"]
[WhiteFideId "4188012"]
[BlackFideId "4159659"]
[EventDate "2016.05.26"]

1. d4 d5 2. c4 e6 3. Nc3 c6 4. cxd5 exd5 5. Nf3 Bd6 6. Bg5 f6 7. Bh4 Qb6 8. Qd2
Ne7 9. Bg3 Nf5 10. e3 Be6 11. Bd3 Bxg3 12. hxg3 Nd7 13. Qc2 g6 14. g4 Ne7 15. g5
O-O-O 16. gxf6 Nxf6 17. Ng5 Bg8 18. O-O-O Kb8 19. Kb1 Ne8 20. Na4 Qa5 21. Nc5
Nd6 22. Ka1 Ka8 23. g4 Rc8 24. Nf3 b6 25. Nb3 Qa4 26. Rc1 Nb7 27. Ne5 c5 28.
Nxg6 Nxg6 29. Bxg6 Be6 30. Bf5 cxd4 31. Qd2 dxe3 32. Rxc8+ Rxc8 33. Qxe3 Bxf5
34. gxf5 Re8 35. Qh6 Qe4 36. f6 Nd6 37. a3 Qg6 38. Qg7 Nf7 39. Nd4 Qe4 40. Qxh7
Ng5 41. Qh5 Rc8 42. f3 Qf4 43. Qg4 Rc1+ 44. Rxc1 Qxc1+ 45. Ka2 Qc4+ 46. Nb3 Qxg4
47. fxg4 Kb7 48. Nd4 Kc7 49. Nb5+ Kd7 50. Nxa7 Ke6 51. Nc8 b5 52. Na7 b4 53. a4
d4 54. Kb1 d3 55. Kc1 Ne4 56. f7 Kxf7 57. Nc6 b3 58. Ne5+ Kf6 59. Nxd3 Kg5 60.
a5 Nd6 61. a6 Nb5 62. Nf2 1-0

[Event "Igor Kurnosov Mem Rapid"]
[Site "Chelyabinsk RUS"]
[Date "2016.05.27"]
[Round "6.10"]
[White "Radzhabov, Rodion"]
[Black "Potapov, Pavel"]
[Result "0-1"]
[BlackTitle "GM"]
[WhiteElo "2172"]
[BlackElo "2485"]
[WhiteFideId "884715"]
[BlackFideId "4169786"]
[EventDate "2016.05.26"]

1. e4 d5 2. exd5 Qxd5 3. d4 Nf6 4. Nf3 g6 5. Nc3 Qd6 6. Bd3 Bg7 7. O-O O-O 8.
Ne4 Nxe4 9. Bxe4 Nd7 10. c3 Rd8 11. Qe2 c5 12. Be3 cxd4 13. Nxd4 a6 14. Rad1 Qc7
15. Rfe1 Nf6 16. Bf3 e5 17. Nb3 Bf5 18. g4 Be6 19. Nc5 Nd5 20. Nxe6 fxe6 21.
Bxd5 exd5 22. Qf3 e4 23. Qe2 Be5 24. h3 Qe7 25. Kg2 b5 26. Qd2 Qf7 27. Rf1 Qf3+
28. Kg1 Qxh3 29. f3 exf3 0-1

[Event "Igor Kurnosov Mem Rapid"]
[Site "Chelyabinsk RUS"]
[Date "2016.05.27"]
[Round "7.1"]
[White "Rublevsky, Sergei"]
[Black "Movsesian, Sergei"]
[Result "0-1"]
[WhiteTitle "GM"]
[BlackTitle "GM"]
[WhiteElo "2692"]
[BlackElo "2660"]
[WhiteFideId "4115309"]
[BlackFideId "310204"]
[EventDate "2016.05.26"]

1. e4 c5 2. Nf3 e6 3. c3 Nf6 4. e5 Nd5 5. Bc4 d6 6. d4 cxd4 7. cxd4 Be7 8. O-O
O-O 9. Qe2 Bd7 10. Nc3 Nxc3 11. bxc3 Bc6 12. exd6 Bxd6 13. Ne5 Qc7 14. f4 Nd7
15. Bb3 Rac8 16. Bd2 Bd5 17. Rae1 Nb6 18. Qh5 f5 19. Nf3 Nc4 20. Bc1 h6 21. Ne5
b5 22. g4 Qa5 23. Bxc4 bxc4 24. Ng6 Qxc3 25. Be3 Qc2 26. Bf2 fxg4 27. Nxf8 Rxf8
28. Qxg4 Rxf4 29. Qh5 Rf5 30. Qe8+ Kh7 31. h4 Bh2+ 32. Kxh2 Rxf2+ 33. Kg3 Rxf1 0-1

[Event "Igor Kurnosov Mem Rapid"]
[Site "Chelyabinsk RUS"]
[Date "2016.05.27"]
[Round "7.2"]
[White "Inarkiev, Ernesto"]
[Black "Zvjaginsev, Vadim"]
[Result "1-0"]
[WhiteTitle "GM"]
[BlackTitle "GM"]
[WhiteElo "2686"]
[BlackElo "2672"]
[WhiteFideId "4162722"]
[BlackFideId "4113403"]
[EventDate "2016.05.26"]

1. d4 d5 2. c4 e6 3. Nc3 Nf6 4. cxd5 exd5 5. Bg5 c6 6. Qc2 Be7 7. e3 Nbd7 8. Nf3
Nf8 9. Bd3 Ne6 10. h4 Ng4 11. Bxe7 Qxe7 12. O-O-O Bd7 13. Kb1 h5 14. e4 dxe4 15.
Bxe4 O-O 16. Bf5 Nh6 17. Bh7+ Kh8 18. Be4 Rad8 19. Rhe1 Qf6 20. d5 Nc5 21. dxc6
bxc6 22. Ng5 g6 23. g3 Kg7 24. Rd2 Bf5 25. Bxf5 Rxd2 26. Qxd2 Rd8 27. Qc2 Nxf5
28. Nce4 Nxe4 29. Nxe4 Qe5 30. Qxc6 Re8 31. Qc1 Re6 32. Re2 Nd4 33. Re3 Nf5 34.
Ng5 Nxe3 35. Nxe6+ Qxe6 36. Qxe3 Qd5 37. b3 a6 38. Kb2 Kh7 39. Qf4 Kg8 40. Qe3
Kh7 41. Kc3 Qa5+ 42. Kb2 Qd5 43. a4 a5 44. Kc2 Kg8 45. Kc3 Kh7 46. Qd4 Qc6+ 47.
Kd3 Qf3+ 48. Kc4 Qc6+ 49. Qc5 Qe4+ 50. Kb5 Qb7+ 51. Qb6 Qd5+ 52. Ka6 Kg7 53. Qb5
Qa8+ 54. Kb6 Qd8+ 55. Kb7 Kg8 56. Ka7 Qd4+ 57. Qb6 Qc3 58. Ka6 Kg7 59. Qxa5 Qxb3
60. Qe5+ Kh7 61. a5 Qc2 62. Qd4 Qc6+ 63. Qb6 Qa8+ 64. Kb5 Qd5+ 65. Qc5 Qb7+ 66.
Kc4 Qe4+ 67. Kc3 Qe1+ 68. Kd3 Qd1+ 69. Ke3 Qe1+ 70. Kf3 f6 71. Kg2 Qe4+ 72. Kh2
Qe2 73. Qa7+ 1-0

[Event "Igor Kurnosov Mem Rapid"]
[Site "Chelyabinsk RUS"]
[Date "2016.05.27"]
[Round "7.3"]
[White "Maletin, Pavel"]
[Black "Smirnov, Pavel"]
[Result "0-1"]
[WhiteTitle "GM"]
[BlackTitle "GM"]
[WhiteElo "2580"]
[BlackElo "2564"]
[WhiteFideId "4146786"]
[BlackFideId "4123425"]
[EventDate "2016.05.26"]

1. Nf3 Nf6 2. g3 d5 3. Bg2 e6 4. O-O Be7 5. c4 O-O 6. d4 c6 7. b3 b6 8. Bb2 Bb7
9. Nbd2 Nbd7 10. e3 c5 11. cxd5 Bxd5 12. Qe2 Rc8 13. Rac1 Rc7 14. Rfe1 Re8 15.
e4 Bb7 16. e5 Nd5 17. Ne4 Nb4 18. Nd6 Ba6 19. Qd2 Rf8 20. dxc5 Nd3 21. c6 N7c5
22. b4 Nxc1 23. Rxc1 Nd3 24. b5 Nxc1 25. bxa6 Rxc6 26. Nd4 Rc5 27. Nb7 Qd7 28.
Bxc1 Rxc1+ 29. Qxc1 Qxd4 30. Qc7 Bb4 31. a3 Bxa3 32. Bc6 Bb2 33. Nd6 Qxe5 34.
Qxa7 Bd4 35. Ne4 f5 36. Qd7 fxe4 37. a7 Qa5 38. a8=Q Qe1+ 39. Kg2 Qxf2+ 40. Kh3
Qf1+ 41. Kh4 Bf6+ 42. Kg4 Qf5# 0-1

[Event "Igor Kurnosov Mem Rapid"]
[Site "Chelyabinsk RUS"]
[Date "2016.05.27"]
[Round "7.4"]
[White "Potapov, Pavel"]
[Black "Frolov, Ivan"]
[Result "1/2-1/2"]
[WhiteTitle "GM"]
[BlackTitle "FM"]
[WhiteElo "2485"]
[BlackElo "2344"]
[WhiteFideId "4169786"]
[BlackFideId "4188012"]
[EventDate "2016.05.26"]

1. e4 c6 2. d4 d5 3. e5 Bf5 4. h4 h5 5. Bd3 Bxd3 6. Qxd3 e6 7. Bg5 Qb6 8. Nd2 c5
9. c4 Nc6 10. Ngf3 cxd4 11. O-O Nge7 12. Nb3 dxc4 13. Qxc4 Nf5 14. Rfd1 Be7 15.
Nbxd4 Ncxd4 16. Nxd4 Nxd4 17. Rxd4 Bxg5 18. Qa4+ Qc6 19. Qxc6+ bxc6 20. hxg5 Rd8
21. Rc4 Rd2 22. Rxc6 O-O 23. Rac1 Rxb2 24. Ra6 Rb7 25. g6 Re7 1/2-1/2

[Event "Igor Kurnosov Mem Rapid"]
[Site "Chelyabinsk RUS"]
[Date "2016.05.27"]
[Round "7.5"]
[White "Kosyrev, Vladimir"]
[Black "Ponkratov, Pavel"]
[Result "1-0"]
[WhiteTitle "GM"]
[BlackTitle "GM"]
[WhiteElo "2520"]
[BlackElo "2595"]
[WhiteFideId "4122259"]
[BlackFideId "4157800"]
[EventDate "2016.05.26"]

1. d4 Nf6 2. c4 e6 3. Nc3 c5 4. d5 exd5 5. cxd5 d6 6. e4 g6 7. Bd3 Bg7 8. h3 O-O
9. Nf3 a6 10. a4 Nbd7 11. Bf4 Re8 12. O-O Nh5 13. Bxd6 Qb6 14. e5 Bxe5 15. Bxe5
Nxe5 16. Nxe5 Rxe5 17. Re1 Rxe1+ 18. Qxe1 Bd7 19. a5 Qb3 20. Qd2 Re8 21. Be2 Ng7
22. d6 Bc6 23. Bd1 Qe6 24. Ba4 Qd7 25. Bxc6 Qxc6 26. Qd5 Qxd5 27. Nxd5 Rd8 28.
Nf6+ Kh8 29. Rd1 Ne6 30. Rd5 Kg7 31. Ne4 Kf8 32. g4 h6 33. Kh2 Rc8 34. Kg3 g5
35. h4 Rc6 36. hxg5 hxg5 37. d7 Ke7 38. Nxc5 Nd8 39. Rxg5 Kd6 40. b4 b6 41. Nxa6
bxa5 42. Rxa5 Rc3+ 43. f3 Kxd7 44. Nc5+ Ke7 45. Ra6 Rc4 46. Rb6 Rd4 47. g5 Rd1
48. Kg4 Kf8 49. Rb8 Kg7 50. b5 Rd5 51. Ne4 Ne6 52. b6 Rd1 53. b7 Rb1 54. Nd6
Rb4+ 55. Kg3 Nc5 56. Rc8 Nxb7 57. Rb8 Rb6 58. Nxb7 Rb4 59. f4 Rb5 60. Kg4 Rb4
61. Kf5 Rb5+ 62. Ke4 Rb4+ 63. Ke5 Rb5+ 64. Ke4 Rb4+ 65. Kf3 Rb5 66. Kg3 Kh7 67.
Kg4 Kg7 68. f5 Rb4+ 69. Kh5 Rb5 70. f6+ Kh7 71. Re8 1-0

[Event "Igor Kurnosov Mem Rapid"]
[Site "Chelyabinsk RUS"]
[Date "2016.05.27"]
[Round "7.6"]
[White "Grischuk, Alexander"]
[Black "Matsenko, Sergei"]
[Result "1-0"]
[WhiteTitle "GM"]
[BlackTitle "IM"]
[WhiteElo "2752"]
[BlackElo "2537"]
[WhiteFideId "4126025"]
[BlackFideId "4170083"]
[EventDate "2016.05.26"]

1. e4 e6 2. d4 d5 3. e5 c5 4. c3 Nc6 5. Nf3 Bd7 6. Be2 Rc8 7. O-O a6 8. Kh1 cxd4
9. cxd4 Nge7 10. Na3 Ng6 11. Nc2 Be7 12. g3 O-O 13. h4 f6 14. h5 Nh8 15. h6 g6
16. exf6 Bxf6 17. Nh2 Nf7 18. Ng4 Bh8 19. Bf4 e5 20. dxe5 Ncxe5 21. Nxe5 Bxe5
22. Bxe5 Nxe5 23. Qxd5+ Nf7 24. Qd4 Nxh6 25. Bc4+ Nf7 26. Rfd1 Bc6+ 27. Kg1 Qxd4
28. Nxd4 Ba4 29. Rdc1 Rfe8 30. b3 Bd7 31. Bd5 b6 32. Rxc8 Bxc8 33. Rc1 Rd8 34.
Nc6 Re8 35. Ne7+ Rxe7 36. Rxc8+ Kg7 37. Rc6 Re5 38. Bxf7 Kxf7 39. Rxb6 a5 40.
Rb7+ Kg8 41. a4 Re2 42. Kg2 Rb2 43. g4 h5 44. gxh5 gxh5 45. Rb5 h4 46. Kh3 Rxf2
47. Kxh4 Kf7 48. Kg4 Ke6 49. Rxa5 Kd6 50. Rf5 Rb2 51. Rb5 Rf2 52. Kg3 Rf1 53.
Kg2 Rf4 54. a5 Kc6 55. Rb6+ Kc7 56. b4 Rf8 57. Kg3 Rf1 58. Kg4 Rf2 59. Kg5 Rf1
60. Rb5 Kc6 61. Rc5+ Kb7 62. Rf5 Rb1 63. Rb5+ Kc6 64. Rb6+ Kc7 65. Kf5 Re1 66.
Rb5 Re2 67. Rc5+ Kd6 68. Rc8 Kd7 69. Rc4 Kd6 70. Kf4 Kd5 71. Kf3 Rb2 1-0